|
|
|
|
| LEADER |
00000nab a2200000 a 4500 |
| 001 |
vtls008775489 |
| 003 |
SK-MaSNL |
| 005 |
20260304233855.0 |
| 008 |
250505c2006 xo |||||||||||000 b|slo |
| 015 |
|
|
|a SNBRB2006/06
|2 snkbucl
|
| 035 |
|
|
|a (uuid)91ec29fc-e487-45ed-b59c-eeddd11e9882
|
| 035 |
|
|
|a urn:nbn:sk:snk-abxde
|
| 035 |
|
|
|a (urnnbn)urn:nbn:sk:snk:ar-a04fs6
|
| 038 |
|
|
|a SNKBUCL
|
| 040 |
|
|
|a SNKBUCL
|b slo
|c SNKBUCL
|e AACR2
|
| 041 |
0 |
|
|a slo
|
| 044 |
|
|
|a xo
|c SK
|
| 080 |
|
|
|a 631.582
|2 1997
|
| 080 |
|
|
|a 633.1
|2 1997
|
| 080 |
|
|
|a 633.85
|2 1997
|
| 100 |
1 |
|
|a Kubinec, Severín
|4 aut
|9 6191
|
| 245 |
1 |
0 |
|a Eliminovanie negatívnych vplyvov vyššej koncentrácie niektorých plodín
|c Severín Kubinec, Pavel Zubal, Mária Babulicová
|
| 300 |
|
|
|b Fotogr., tab.
|
| 650 |
0 |
7 |
|a poľné plodiny
|2 snkbucl
|9 67137
|
| 650 |
0 |
7 |
|a striedanie plodín
|2 snkbucl
|9 72796
|
| 650 |
0 |
7 |
|a pestovanie poľných rastlín
|2 snkbucl
|9 31784
|
| 650 |
0 |
7 |
|a obilniny
|2 snkbucl
|9 19007
|
| 650 |
0 |
7 |
|a olejniny
|2 snkbucl
|9 14940
|
| 700 |
1 |
|
|a Zubal, Pavel
|4 aut
|9 5384
|
| 700 |
1 |
|
|a Babulicová, Mária
|4 aut
|9 22589
|
| 773 |
0 |
|
|t Naše pole
|g Roč. X, č. 3 (2006), s. 14-15
|x 1335-2466
|
| 850 |
|
|
|a Slovenská národná knižnica
|
| 852 |
|
|
|a Slovenská národná knižnica
|
| 954 |
|
|
|a odborná, vedecká literatúra pôvodná (slovenská)
|2 lita
|
| 958 |
|
|
|a article27
|
| 958 |
|
|
|a OND
|
| 958 |
|
|
|a EUIPO
|
| 999 |
|
|
|c 3200610
|d 3202540
|